| 000 | 00484nam a22001817a 4500 | ||
|---|---|---|---|
| 999 |
_c7404 _d7404 |
||
| 003 | Ost | ||
| 005 | 20190902150720.0 | ||
| 008 | 190902b ||||| |||| 00| 0 eng d | ||
| 020 | _a9781444762310 | ||
| 040 | _cBT-PhCST | ||
| 050 | _a23132 | ||
| 082 |
_222 _a294.392 _bGYA |
||
| 100 | _aGyalwa Dokhampa. | ||
| 245 |
_aThe restful mind : _ba new way of thinking, a new way of life / |
||
| 260 |
_aLondon : _bYellow Kite, _cc2013. |
||
| 300 |
_a257 p. : _bill. ; _c20 cm. |
||
| 942 |
_2ddc _cF |
||